Online Catalogue and eLibrary

The writings of Gandhi (Record no. 703)

MARC details
000 -LEADER
fixed length control field 00383nam a2200169Ia 4500
005 - DATE AND TIME OF LATEST TRANSACTION
control field 20240702005848.0
008 - FIXED-LENGTH DATA ELEMENTS--GENERAL INFORMATION
fixed length control field 240331s9999 xx 000 0 und d
020 ## - INTERNATIONAL STANDARD BOOK NUMBER
ISBN
082 ## - DDC Classification
Class No. 100
Item Number - Author Mark DUN
100 ## - MAIN ENTRY--PERSONAL NAME
Personal name Duncan, R
245 #4 - TITLE STATEMENT
Title The writings of Gandhi
260 ## - PUBLICATION, DISTRIBUTION, ETC.
Place of publication, distribution, etc. Calcutta
Name of publisher, distributor, etc. Rupa.co
Date of publication, distribution, etc. 1990
300 ## - PHYSICAL DESCRIPTION
Extent (e.g. Volumes, Pages etc.) 288 p .,
650 ## - SUBJECT ADDED ENTRY--TOPICAL TERM
Topical term or geographic name entry element Gandhi's writings
650 ## - SUBJECT ADDED ENTRY--TOPICAL TERM
Topical term or geographic name entry element Religion
942 ## - Koha item type (Biblio)
Koha item type Books in Stacks (Lending)
Holdings
Lost status Damaged status Collection code Home library Current library Shelving location Date acquired Full call number Accession Number Item type
    Lending WERC Library WERC Library Social Science Cupboard 03/31/2024 100 DUN 1001 Books in Stacks (Lending)

© WERC Library